Statistics for Naming People by Picture

Click here to take the quiz!

General Stats

  • This quiz has been taken 76 times
  • The average score is 3 of 15

Answer Stats

Answer% Correct
Desmond Tutu
52%
Golda Meir
52%
Liberace
45%
Maria Sharapova
45%
Stevie Nicks
33%
Immanuel Kant
18%
Sojourner Truth
15%
Fabio Lanzoni
12%
Simone de Beauvoir
9%
William Rehnquist
9%
Emmeline Pankhurst
3%
Jenny Lind
3%
Karl Heinrich Ulrichs
0%
Mohammed bin Salman
0%
Tommy Douglas
0%

Score Distribution

Percentile by Number Answered

Percent of People with Each Score

Your Score History

You have not taken this quiz